[Event "Reykjavik op"]
[Site "Reykjavik"]
[Date "2024.03.18"]
[Round "5"]
[White "Leliveld, Andrew"]
[Black "Brand, Niels"]
[Result "0-1"]
[WhiteElo "1657"]
[BlackElo "1891"]
[PlyCount "48"]
[EventDate "2024.03.15"]
[EventType "swiss"]
[EventRounds "9"]
[EventCountry "ISL"]
[SourceTitle "CB13_2024"]
[SourceDate "2024.03.27"]
[SourceVersion "1"]
[SourceVersionDate "2024.03.27"]
[SourceQuality "1"]

1. b4 Nf6 2. Bb2 e6 3. b5 a6 4. a4 d5 5. e3 Bd6 6. Nf3 c5 7. c4 0-0 8. Be2 Nbd7 9. Nc3 b6 10. cxd5 exd5 11. d4 c4 12. h3 Re8 13. Qc2 a5 14. 0-0 Nf8 15. Nd2 Ne6 16. Rae1 Bb4 17. Qc1 Ng5 18. f4 Bxc3 19. Bxc3 Nge4 20. Nxe4 Nxe4 21. Bf3 Qd6 22. Kh2 Qg6 23. g4 h5 24. gxh5 Qg3+ 0-1